000 00986nam a22002777a 4500
005 20110427120540.0
008 110427t xxu||||| |||| 00| 0 eng d
010 _aENG-102323
020 _a9788175332522
_c695.00
035 _aEN-85856
037 _bDBAD/PUB
040 _adpl
_bEng
100 _927456
_aSrivastava, Asha
245 _aWomen and information technology :
_cby Asha Srivastava
_bongoing challenges for computing and information technology education /
260 _aNew Delhi
_b MD Publications
_c2010
270 _a"MD House", 11, Darya Ganj
_bNew Delhi
_e110002
_k91-11-45355555
_mcontact@mdppl.com
300 _avi, 239 p.
_c22cm (Hb)
500 _aIncludes bibliographical references and index
610 _927464
650 _927465
651 _927466
700 _927451
710 _927453
942 _2ddc
_cEN
_mSRI
999 _c51926
_d51926